Green Day - Dookie - Statistics

General Stats
  • This quiz has been taken 59 times
  • The average score is 12 of 15
Answer Stats
Answer % Correct
Basket Case
93%
Longview
91%
When I Come Around
91%
Burnout
86%
Pulling Teeth
84%
She
80%
Welcome to Paradise
80%
All By Myself
77%
F.O.D.
77%
Chump
73%
In the End
73%
Sassafras Roots
68%
Having a Blast
66%
Emenius Sleepus
59%
Coming Clean
55%
No matching quizzes found
Score Distribution
Percent of People with Each Score
Percentile by Number Answered
Your Score History
You have not taken this quiz